| 000 | 00779nam a22001337a 4500 | ||
|---|---|---|---|
| 040 | _cRUA | ||
| 082 | _aLMA LIM 2015 B529 Or.1 | ||
| 100 | _aLIM CHEAHONG; លីម ជាហុង | ||
| 245 | _aStudy on land data collection form of systematic land registration in makprang commune, tuek chhou district, kampot province; សិក្សាពីការបំពេញទម្រង់បែបបទនៃការប្រមូលទិន្នន័យក្បាលដីសម្រាប់ការចុះបញ្ជីដីធ្លី នៅឃុំម៉ាក់ប្រាង្គ ស្រុកទឹកឈូ ខេត្តកំពត | ||
| 260 |
_aPhnom Penh _bLIM _c2015 |
||
| 300 |
_ax;48p. _bill. _c29cm. |
||
| 856 | _u LIM CHEAHONG | ||
| 942 | _cLMA | ||
| 999 |
_c10812 _d10812 |
||